00581nam a2200205 a 4500003000400000005001700004008004100021020001800062040002400080041000800104082002600112110002500138245006800163250001200231260004400243300001100287653002500298653002500323856002700348OSt20130917192613.0130917s2006 ag ||||| |||| 00| 0 spa d a950-38-0033-1 cBiblioteca Medicina aspa bMINIST. DE SALUD 0397 aMinisterio de Salud 03aLa epidemia del tabaquismo en Argentina. Estrategias de control a1ยบ ed. aBuenos AiresbMinisterio de Saludc2006 a124 p. aTABAQUISMO-ARGENTINA aADICCIONES-ARGENTINA awww.msal.gov.ar/tabaco